Estudio de factibilidad para instalar una planta procesadora de achiote en el cantón de San Ramon
Guardado en:
| 主要作者: | |
|---|---|
| 格式: | 圖書 |
| 出版: |
San José, Costa Rica
1987
|
| 主題: | |
| 標簽: |
添加標簽
沒有標簽, 成為第一個標記此記錄!
|
MARC
| LEADER | 00000nam a2200000Ia 4500 | ||
|---|---|---|---|
| 003 | 007246 | ||
| 005 | 20221231144310.0 | ||
| 008 | 140114s1987 cr a m 000 ||s d | ||
| 040 | |c cru CEDI | ||
| 090 | |a TFG 2982 | ||
| 100 | |a Sancho B, Geovanny |9 11756 | ||
| 245 | |a Estudio de factibilidad para instalar una planta procesadora de achiote en el cantón de San Ramon | ||
| 260 | |c 1987 |a San José, Costa Rica | ||
| 300 | |a vii, 108 hojas (1 plegable) : ilustraciones ; 27 cm | ||
| 500 | |a Proyecto de graduacion (licenciatura en ingenieria industrial)--Universidad de Costa Rica. Facultad de Ingeniería. Escuela de Ingeniería Industrial | ||
| 650 | |x ACHIOTE - INDUSTRIA Y COMERCIO |9 11757 | ||
| 942 | |c TFG | ||
| 999 | |c 19784 |d 19784 | ||
